| 000 | 01362cam a22003977a 4500 | ||
|---|---|---|---|
| 003 | CHAP | ||
| 005 | 20220817044005.0 | ||
| 008 | 050207d2001 it rn 00110 eng d | ||
| 010 | _a89511 | ||
| 011 | _a90483 | ||
| 020 | _a92 4 166047 3 | ||
| 020 | _a92 5 104664 6 | ||
| 035 | _a101039 | ||
| 040 | _cCHAP | ||
| 082 | 0 | 4 |
_a614.3 _bF3 v.74 |
| 110 | 2 | _aFAO | |
| 245 | 1 | 0 |
_aSafety evaluation of certain mycotoxins in food _c/by FAO |
| 260 |
_aGeneva, Switzerland : _bWorld Health Organization, _c2001. |
||
| 300 | _a701 p. | ||
| 490 | 0 |
_aAlimentación y nutrición _v; 74 |
|
| 490 | 0 |
_aFAO. WHO food additives series _v; 47 |
|
| 590 |
_aBATCH-UPD _b10 _c20130110 _lUCH01 _h0502 |
||
| 590 |
_aBATCH-UPD _b10 _c20130410 _lUCH01 _h0139 |
||
| 590 |
_aBATCH-UPD _b10 _c20130914 _lUCH01 _h0206 |
||
| 590 |
_aCONVERSION _b10 _c20130109 _lUCH01 _h1350 |
||
| 650 | 1 | 4 |
_aAlimentos _xContaminación. _94205 |
| 650 | 1 | 4 |
_aAlimentos _xToxicología. _94296 |
| 650 | 1 | 4 |
_aMicotoxinas. _975489 |
| 711 | 0 |
_aMeeting of the Joint FAO/WHO Expert Committee on Food Additives (56 : 2001 : Geneva, Switzerland) _974168 |
|
| 830 | 0 |
_aFAO. WHO food additives series _v; 47 _939707 |
|
| 830 | 0 | 0 |
_aAlimentacion y nutricion _v; 74 _94112 |
| 901 | _aBK | ||
| 905 | _aAlejandra Carrasco M. | ||
| 942 | _cLIBRO | ||
| 949 |
_a614.3 F3 v.74 _bBC _cFAO _d33724000944252 _eFAO1 _h104796 _i101039 _sb |
||
| 999 |
_c89511 _d89511 |
||